LEADER 01352nam 2200349 n 450 001 996386419203316 005 20221108041744.0 035 $a(CKB)1000000000614749 035 $a(EEBO)2240864875 035 $a(UnM)99856389 035 $a(EXLCZ)991000000000614749 100 $a19921002d1620 uy | 101 0 $aeng 135 $aurbn||||a|bb| 200 03$aAn oration to the most illustrious and mightie prince Frederick King of Bohemia. Made by Martin Opitius of Silesia. Translated out of Latin$b[electronic resource] 210 $a[London $cS.n.]$dM.D.C.XX. [1620] 215 $a[24] p 300 $aA translation of: Oratio ad serenissimum ac potentissimum principem Fridericum, Regem Bohemiæ. 300 $aPlace of publication from STC. 300 $aSignatures: A-C⁴. 300 $aReproduction of the original in Harvard University. Library. 330 $aeebo-0062 607 $aBohemia (Czech Republic)$xHistory$y1618-1848$vEarly works to 1800 700 $aOpitz$b Martin$f1597-1639.$0203200 801 0$bCu-RivES 801 1$bCu-RivES 801 2$bCStRLIN 801 2$bWaOLN 906 $aBOOK 912 $a996386419203316 996 $aAn oration to the most illustrious and mightie prince Frederick King of Bohemia. Made by Martin Opitius of Silesia. Translated out of Latin$92381316 997 $aUNISA LEADER 01390nam0 22003011i 450 001 UON00040206 005 20231205102142.437 010 $a29-02-48504-2 100 $a20020107d1985 |0itac50 ba 101 $afre 102 $aIL 105 $a|||| 1|||| 200 1 $aLe Site Natoufien-Khiamien de Hatoula prs de Latrounn Israel$efouilles 1980-1982 rapport prliminaire$fMonique Lechevallier , Avraham Ronen 210 $aJerusalem$cCentre de Recherche Franais de Jerusalem$d1985 215 $a119 p.$cill.$d30 cm 410 1$1001UON00040205$12001 $aCahiers du Centre de Recherche Franais de Jerusalem$v1 606 $aArcheologia$xIsraele$xSiti$xHatoula$3UONC013567$2FI 620 $aIL$dY?r?sh?layim$3UONL004472 686 $aSIPA X B$cSIRIA E PALESTINA - ARCHEOLOGIA - RAPPORTI DI SCAVO$2A 700 1$aLECHEVALLIER$bM.$3UONV000769$0647692 701 1$aRONEN$bAvraham$3UONV023825$0635204 712 $aCentre de recherche franais de Jerusalem$3UONV252384$4650 801 $aIT$bSOL$c20250502$gRICA 899 $aSIBA - SISTEMA BIBLIOTECARIO DI ATENEO$2UONSI 912 $aUON00040206 950 $aSIBA - SISTEMA BIBLIOTECARIO DI ATENEO$dSI SIPA X B 018 $eSI SA 55214 7 018 996 $aSite Natoufien-Khiamien de Hatoula prs de Latrounn Israel$91155027 997 $aUNIOR